Простое автоматическое зарядное устройство для Ni-Cd аккумуляторов; Радио; № 1

書誌詳細
Parent link:Радио: научно-технический журнал.— , 1925, 1947-.— 0033-765X
№ 1.— 2002.— С. 43
第一著者: Боев Д.
言語:ロシア語
出版事項: 2002
シリーズ:Источники питания
主題:
フォーマット: MixedMaterials 図書の章
KOHA link:https://koha.lib.tpu.ru/cgi-bin/koha/opac-detail.pl?biblionumber=381387

MARC

LEADER 00000naa2a2200000 4500
001 381387
005 20231101062825.0
035 |a (RuTPU)RU\TPU\prd\3933 
090 |a 381387 
100 |a 20020517a2002 k y0rusy50 ca 
101 0 |a rus 
102 |a RU 
200 1 |a Простое автоматическое зарядное устройство для Ni-Cd аккумуляторов  |f Д. Боев 
225 1 |a Источники питания 
461 1 |0 (RuTPU)RU\TPU\prd\1704  |x 0033-765X  |t Радио  |o научно-технический журнал  |d 1925, 1947- 
463 1 |0 (RuTPU)RU\TPU\prd\1981  |t № 1  |v С. 43  |d 2002 
610 1 |a аккумуляторы 
610 1 |a зарядные устройства 
610 1 |a автоматика 
700 1 |a Боев  |b Д. 
801 1 |a RU  |b 63413507  |c 20020517  |g PSBO 
801 2 |a RU  |b 63413507  |c 20140303  |g RCR 
942 |c BK